Aristóteles y el cosmos

Tallennettuna:
Bibliografiset tiedot
Päätekijä: Zubiria, Martín (Tekijä)
Aineistotyyppi: Kirja
Kieli:espanja
Julkaistu: Buenos Aires Quadrata 2005
Painos:1a. ed
Aiheet:
Tagit: Lisää tagi
Ei tageja, Lisää ensimmäinen tagi!

MARC

LEADER 00000cam a2200000 a 4500
001 UCF0856
003 CL-VaPUC
008 120614e20050000AG |||||||||||||||||spa|d
020 |a 9871139632 
082 0 4 |a 185  |b ZUB  |2 21 
100 0 |a Zubiria, Martín  |e author  |9 562561 
245 1 0 |a Aristóteles y el cosmos 
250 |a 1a. ed 
300 |a 159 p 
942 |c BK 
945 |d 20120614 00:00:00  |a cmena 
260 |a Buenos Aires  |b Quadrata  |c 2005 
650 0 |a Filosofía griega  |9 265579 
650 0 |a Filosofía de la naturaleza  |9 265899 
650 0 |a Cosmología  |9 269138 
583 |a last modification  |c 20130325 03:42:39  |k Rodrigo Vera 
999 |c 347954  |d 347952 
952 |0 0  |1 0  |4 0  |6 185_000000000000000_ZUB_2005  |7 0  |8 A  |9 449760  |a BIBEDU  |b BIBEDU  |d 2019-11-22  |i 4867823  |o 185 ZUB 2005  |p 4867823  |r 2019-11-22  |w 2019-11-22  |y BK  |k FIL